000 02358nam a2200385Ia 4500
999 _c49555
_d49555
001 16487
003 GE_BSU
005 20240124172332.0
008 181216s2013||||ge |||||||||||||| ||geo||
020 _a9789941181597
040 _cGE_BSU
041 _ageo
080 _a32.001 ჯ-69
100 _aჯონსონი, ჯანეტ ბუტოლფ
_921047
245 _aპოლიტიკის მეცნიერების კვლევის მეთოდები /
_cჯანეტ ბუტოლფ ჯონსონი, ჰ.ტ. რეინოლდსი; ჯეისონ დ. მაიკოფთან ერთად ; მთარგმნ.: გიორგი გვალია [და სხვ.]; სამეცნ. რედ. დავით აფრასიძე, ნინო ჯავახიშვილი.
250 _aმე-6 გამოცემა
264 _aთბილისი :
_bილიას სახელმწ. უნ-ტი,
_c2013.
300 _a734 გვ. :
_bგრაფ., ცხრ. ;
_c24 სმ
300 _bდანართი: გვ. 709-714. - ბიბლიოგრ.: გვ. 715-734.
500 _a დანართი: გვ. 709-714.
504 _a ბიბლიოგრ.: გვ. 715-734.
541 _h15ლ.
653 _aპოლიტოლოგია
700 _aრეინოლდსი, ჰ.ტ.
_eავტორი
_921112
700 _aმაიკოფი, ჯეისონ დ.
_eავტორი
_921113
700 _aგვალია, გიორგი
_eმთარგმნელი
_93007
700 _aიაშვილი, ზურაბ
_eმთარგმნელი
_921114
700 _aკეკენაძე, მიხეილ
_eმთარგმნელი
_921115
700 _aმაჩაბელი, ნატალია
_eმთარგმნელი
_921116
700 _aსიხარულიძე, ტარიელ
_eმთარგმნელი
_921117
700 _aხეჩუაშვილი, ლილი
_eმთარგმნელი
_921118
700 _aაფრასიძე, დავით
_eრედაქტორი
_921119
700 _aჯავახიშვილი, ნინო
_eრედაქტორი
_96695
942 _cBK
_2udc